Исследование взаимодействия ртути (II), серебра (I), меди (II), палладия (II) и родия (III) с тиосалициловой кислотой и его применение в анализе: автореферат диссертации на соискание ученой степени кандидата химических наук; спец. 02.00.02

Podrobná bibliografie
Hlavní autor: Крюкова Л. В. Любовь Вячеславовна
Korporativní autor: Днепропетровский государственный университет (ДГУ)
Další autoři: Усатенко Ю. И. (научный руководитель)
Shrnutí:Защита сост. 08.06.1977 г.
Jazyk:ruština
Vydáno: Днепропетровск, [Б. и.], 1977
Témata:
Médium: MixedMaterials Kniha
KOHA link:https://koha.lib.tpu.ru/cgi-bin/koha/opac-detail.pl?biblionumber=336101

MARC

LEADER 00000nam0a2200000 4500
001 336101
005 20231102004824.0
035 |a (RuTPU)RU\TPU\book\362517 
090 |a 336101 
100 |a 20171009d1977 k y0rusy50 ca 
101 0 |a rus 
102 |a UA 
105 |a a dm 001zy 
200 1 |a Исследование взаимодействия ртути (II), серебра (I), меди (II), палладия (II) и родия (III) с тиосалициловой кислотой и его применение в анализе  |e автореферат диссертации на соискание ученой степени кандидата химических наук  |e спец. 02.00.02  |f Л. В. Крюкова  |g Днепропетровский государственный университет (ДГУ) ; науч. рук. Ю. И. Усатенко 
210 |a Днепропетровск  |c [Б. и.]  |d 1977 
215 |a 22 с.  |c ил. 
300 |a Защита сост. 08.06.1977 г. 
320 |a Библиогр.: с. 21-22 (7 назв.) 
606 1 |a Химические реактивы, органические  |2 stltpush  |3 (RuTPU)RU\TPU\subj\73372  |9 86404 
610 1 |a химические взаимодействия 
610 1 |a ртуть 
610 1 |a серебро 
610 1 |a медь 
610 1 |a палладий 
610 1 |a родий 
610 1 |a тиосалициловая кислота 
610 1 |a применение 
610 1 |a аналитическая химия 
610 1 |a библиотека А. Г. Стромберга 
610 1 |a авторефераты диссертаций 
675 |a 543-412.2(04)  |v 4 
686 |a 02.00.02  |2 oksvnk 
700 1 |a Крюкова  |b Л. В.  |g Любовь Вячеславовна 
702 1 |a Усатенко  |b Ю. И.  |4 727 
712 0 2 |a Днепропетровский государственный университет (ДГУ)  |g ДГУ  |y Днепропетровск (Украина)  |z (1918-2016)  |2 stltpush  |3 (RuTPU)RU\TPU\col\11280 
801 1 |a RU  |b 63413507  |c 20171009 
801 2 |a RU  |b 63413507  |c 20180129  |g RCR 
942 |c BK